| 000 | 02888cam a22006011i 4500 | ||
|---|---|---|---|
| 001 | 200468184 | ||
| 003 | TR-AnTOB | ||
| 005 | 20260417155102.0 | ||
| 007 | ta | ||
| 008 | 260417s1958 nyu 000 1 eng d | ||
| 010 | _a 62001045 | ||
| 020 |
_a0684718022 _q(pbk.) _z0684102420 |
||
| 020 |
_a9780684718026 _q(pbk.) |
||
| 020 | _a9780684822761 | ||
| 020 | _a0684822768 | ||
| 035 | _a(CU-S)b14797124-01ucs_sdi | ||
| 035 | _a(CU-SC)991003380539704876-01cdl_scr_inst | ||
| 035 | _a991003380539704876 | ||
| 035 |
_a(OCoLC)01022659 _z(OCoLC)284626 _z(OCoLC)6739129 _z(OCoLC)8735403 _z(OCoLC)70422240 _z(OCoLC)610414225 _z(OCoLC)638325206 _z(OCoLC)681676050 _z(OCoLC)793130822 _z(OCoLC)879293588 _z(OCoLC)944144734 _z(OCoLC)1166476534 _z(OCoLC)1166572260 _z(OCoLC)1201927387 |
||
| 035 | _a(OCoLC)ocm01022659 | ||
| 035 | _a(EXLNZ-01UCS_NETWORK)9912349002606531 | ||
| 040 |
_aDLC _beng _cKSU _dDLC _dSER _dTVC _dNCK _dVVC _dOCL _dBTCTA _dOCLCG _dS@P _dGPRCL _dBEU _dUW1 _dCGN _dZAD _dOCLCF _dP4I _dOCLCA _dOCLCQ _dOCLCO _dIL4I4 _dT8M _dOCLCQ _dLMR _dGK8 _dMNJ _dTULIB _dOCLCO _dIAD _dOCL _dAZK _dOCLCO _dOCL _dTPA _dIAD _dOCLCA _dHRY _dGILDS _dFWR _dOCLCQ _dYXF _dOCH _dAU@ _dKZF _dJDP _dOCLCO _dOCLCL _dOCLCQ _dOCLCL _dOCLCQ _dISU _dOCLCL _dOCLCQ _erda _eTR-AnTOB |
||
| 041 | 0 | _aeng | |
| 050 | 0 | 0 |
_aPS3515.E37 _bI5 1958 |
| 090 |
_aPS3515.E37 _bI5 1958 TıpFaK |
||
| 100 | 1 |
_aHemingway, Ernest, _d1899-1961. _eauthor _9116947 |
|
| 240 | 1 | 0 |
_aShort stories. _kSelections (In our time) |
| 245 | 1 | 0 |
_aIn our time / _cstories by Ernest Hemingway. |
| 264 | 1 |
_aNew York : _bScribner, _c[1958] |
|
| 264 | 4 | _c©1958 | |
| 300 |
_a212 pages _c21 cm. |
||
| 336 |
_atext _btxt _2rdacontent |
||
| 337 |
_aunmediated _bn _2rdamedia |
||
| 338 |
_avolume _bnc _2rdacarrier |
||
| 490 | 0 | _aThe Scribner library, SL56 | |
| 505 | 0 | 0 |
_tOn the quai at Smyrna -- _tIndian camp -- _tThe doctor and the doctor's wife -- _tThe end of something -- _tThe three-day blow -- _tThe battler -- _tA very short story -- _tSoldier's home -- _tThe revolutionist -- _tMr. and Mrs. Elliot -- _tCat in the rain -- _tOut of season -- _tCross-country snow -- _tMy old man -- _tBig two-hearted river -- _tL'envoi. |
| 520 | _aShort stories in the laconic style of a news reporter. | ||
| 650 | 0 |
_aShort stories. _0http://id.loc.gov/authorities/subjects/sh85121813 _945955 |
|
| 650 | 1 |
_aShort stories. _945955 |
|
| 650 | 6 | _aNouvelles. | |
| 650 | 7 |
_ashort stories. _2aat _945955 |
|
| 650 | 7 |
_aShort stories _2fast _0(OCoLC)fst01117043 _945955 |
|
| 655 | 7 |
_ashort stories. _2aat _9153047 |
|
| 655 | 7 |
_aShort stories. _2fast _0(OCoLC)fst01726740 _9153047 |
|
| 655 | 7 |
_aShort stories. _2gsafd _9153047 |
|
| 655 | 7 |
_aShort stories. _2lcgft _0http://id.loc.gov/authorities/genreForms/gf2014026542 _9153047 |
|
| 655 | 7 |
_aNouvelles. _2rvmgf |
|
| 942 |
_2lcc _cBK |
||
| 951 |
_aald 100923 Mellon10 _aar 940908/w _arcp 8 |
||
| 951 | _aMARS | ||
| 999 |
_c200468184 _d86396 |
||